Detalles MARC
| 000 -LEADER |
| fixed length control field |
02975nam a2200481Ii 4500 |
| 001 - CONTROL NUMBER |
| control field |
DIGFCE0824 |
| 003 - CONTROL NUMBER IDENTIFIER |
| control field |
NyNyDIG |
| 006 - FIXED-LENGTH DATA ELEMENTS--ADDITIONAL MATERIAL CHARACTERISTICS |
| fixed length control field |
m o d |
| 007 - PHYSICAL DESCRIPTION FIXED FIELD--GENERAL INFORMATION |
| fixed length control field |
cr ||||||||||| |
| 008 - FIXED-LENGTH DATA ELEMENTS--GENERAL INFORMATION |
| fixed length control field |
170801s2015 mx a ob 000 0 spa d |
| 035 ## - SYSTEM CONTROL NUMBER |
| System control number |
(OCoLC)1001305358 |
| 040 ## - CATALOGING SOURCE |
| Original cataloging agency |
DGITA |
| Language of cataloging |
eng |
| Description conventions |
rda |
| -- |
pn |
| Transcribing agency |
DGITA |
| 020 ## - INTERNATIONAL STANDARD BOOK NUMBER |
| International Standard Book Number |
9786071633897 |
| Qualifying information |
(eBook ; |
| -- |
ePub) |
| 020 ## - INTERNATIONAL STANDARD BOOK NUMBER |
| International Standard Book Number |
6071633893 |
| Qualifying information |
(eBook ; |
| -- |
ePub) |
| 020 ## - INTERNATIONAL STANDARD BOOK NUMBER |
| Canceled/invalid ISBN |
9786071632173 |
| 020 ## - INTERNATIONAL STANDARD BOOK NUMBER |
| Canceled/invalid ISBN |
607163217X |
| 050 14 - LIBRARY OF CONGRESS CALL NUMBER |
| Classification number |
PQ7297.P285 ebook |
| 082 04 - DEWEY DECIMAL CLASSIFICATION NUMBER |
| Classification number |
861.4 |
| 245 00 - TITLE STATEMENT |
| Title |
Aire en libertad : |
| Remainder of title |
Octavio Paz y la crítica / |
| Statement of responsibility, etc. |
coordinador, José Antonio Aguilar Rivera. |
| 246 30 - VARYING FORM OF TITLE |
| Title proper/short title |
Octavio Paz y la crítica |
| 250 ## - EDITION STATEMENT |
| Edition statement |
Primera edición electrónica. |
| 264 #1 - PRODUCTION, PUBLICATION, DISTRIBUTION, MANUFACTURE, AND COPYRIGHT NOTICE |
| Place of production, publication, distribution, manufacture |
México, D.F. : |
| Name of producer, publisher, distributor, manufacturer |
Fondo de Cultura Económica : |
| -- |
Centro de Investigación y Docencia Económicas, |
| Date of production, publication, distribution, manufacture, or copyright notice |
2015. |
| 300 ## - PHYSICAL DESCRIPTION |
| Extent |
1 online resource : |
| Other physical details |
illustrations. |
| 336 ## - CONTENT TYPE |
| Content type term |
text |
| Content type code |
txt |
| Source |
rdacontent |
| 337 ## - MEDIA TYPE |
| Media type term |
computer |
| Media type code |
c |
| Source |
rdamedia |
| 338 ## - CARRIER TYPE |
| Carrier type term |
online resource |
| Carrier type code |
cr |
| Source |
rdacarrier |
| 490 1# - SERIES STATEMENT |
| Series statement |
Vida y pensamiento de México |
| 500 ## - GENERAL NOTE |
| General note |
Papers originally prepared for a colloquium organized in November, 2014, by the Centro de Investigación y Docencia Económicas. |
| 504 ## - BIBLIOGRAPHY, ETC. NOTE |
| Bibliography, etc. note |
Includes bibliographical references. |
| 505 0# - FORMATTED CONTENTS NOTE |
| Formatted contents note |
Octavio Paz y la crítica / José Antonio Aguilar Rivera -- Estrella y espiral : Octavio Paz, André Breton y el surrealismo / Adolfo Gilly -- Es como si nos huberian arrancado los párpados / Jorge Aguilar Mora -- Modernidad y otr edad : el quehacer critico de un poeta latinoamericano / Xavier Rodríguez Ledesma -- Octavio Paz : recuento personal / Héctor Aguilar Camín -- Un camino purgatorio : Octavio Paz y la crítica / Malva Flores -- Comerse al mundo : Octavio Paz y los peligros de la vocación / Armando González Torres -- La revolución en Paz / Rafael Rojas -- El rebelde en Paz / Maarten van Delden -- Editando neoliberalismo : vuelta en los años ochenta / Rafael Lemus -- Octavio Paz : autoridad y rebeldía / Jesús Silva-Herzog Márquez -- Paz y el antiliberalismus / Yvon Grenier -- Octavio Paz o las trampas de la nostalgia / José Antonio Aguilar Rivera. |
| 588 0# - SOURCE OF DESCRIPTION NOTE |
| Source of description note |
Online resource; title from ePub title page (Digitalia, viewed August 2, 2017) |
| 600 10 - SUBJECT ADDED ENTRY--PERSONAL NAME |
| Personal name |
Paz, Octavio, |
| Dates associated with a name |
1914-1998 |
| General subdivision |
Criticism and interpretation. |
| 655 #0 - INDEX TERM--GENRE/FORM |
| Genre/form data or focus term |
Electronic books. |
| 700 1# - ADDED ENTRY--PERSONAL NAME |
| Personal name |
Aguilar Rivera, José Antonio, |
| Dates associated with a name |
1968- |
| Relator term |
editor. |
| 710 2# - ADDED ENTRY--CORPORATE NAME |
| Corporate name or jurisdiction name as entry element |
Centro de Investigación y Docencia Económicas, |
| Relator term |
issuing body. |
| 791 2# - |
| -- |
Digitalia (Firm), |
| -- |
distributor. |
| 793 0# - |
| -- |
Digitalia eBook Collection: |
| -- |
Fondo de Cultura Económica |
| 776 08 - ADDITIONAL PHYSICAL FORM ENTRY |
| Relationship information |
Print version: |
| Main entry heading |
Aguilar Rivera, José Antonio,1968- |
| Title |
Ausentes del universo. |
| Edition |
Primera edición. |
| Place, publisher, and date of publication |
México, D.F. : Fondo de Cultura Económica, 2015 |
| International Standard Book Number |
9786071632173 |
| Record control number |
(OCoLC)935395078 |
| 830 #0 - SERIES ADDED ENTRY--UNIFORM TITLE |
| Uniform title |
Vida y pensamiento de México. |
| 856 40 - ELECTRONIC LOCATION AND ACCESS |
| Materials specified |
Digitalia Hispánica |
| Uniform Resource Identifier |
<a href="https://www.digitaliapublishing.com/a/43715/">https://www.digitaliapublishing.com/a/43715/</a> |
| 910 ## - USER-OPTION DATA (OCLC) |
| User-option data |
Premium collection: 2017 |
| 942 ## - ADDED ENTRY ELEMENTS (KOHA) |
| Koha item type |
Recurso Electrónico |